000 00293nam a22001337a 4500
008 170612b xxu||||| |||| 00| 0 eng d
020 _a9781593081003
041 _aeng
080 _a34
100 _a19
101 _aSHP
245 _aTHE COMMUNIST MANIFSTO
_cMARX.K
942 _2udc
_cBK
999 _c16847
_d16847